| 000 | 01740ng a2200217 4500 | ||
|---|---|---|---|
| 005 | 20220329143353.0 | ||
| 007 | go ae f | ||
| 008 | 090113 1983us 0 ueng | ||
| 010 | _a95641 | ||
| 011 | _a96613 | ||
| 035 | _a107267 | ||
| 245 | 0 | 0 |
_aAsia _h[micropelícula] : _bspecial studies, 1980-1982. Supplement / _c[edited by Robert Lester] |
| 260 | 0 |
_aFrederick, Md. : _bUniversity Publications of America, _cc1983 |
|
| 300 |
_a5 microfilm reels ; _c35 mm |
||
| 500 | _aAcompañada por una guía impresa que se encuentra en el rollo final | ||
| 520 | _a"NOTE: This collection is a supplement to the title <U+2019>Japan, Korea, and the security of Asia : special studies, 1970-1980<U+2019>. (Microfilm 86/213. LCCN: 86893446). Consists of studies contracted for by the White House and other federal agencies. Typically the studies were carried out by academic staff and members of think tanks, particularly those specializing in U.S. foreign relations and the internal conditions of various strategically significant countries. Sample titles include, <U+2019>The Soviet Far East Buildup and Soviet Risk-Taking against China<U+2019> (Rand Corp., 1982); <U+2019>Japan Resource Dependence<U+2019> (Naval Postgraduate School, 1982); <U+2019>Congressional Presentation Fiscal Year 1984. Annex II: Asia<U+2019> (1983, U.S. AID); <U+2019>Sixty Days to Peace. Implementing the Paris Peace Accords, Vietnam 1973<U+2019> (National Defense University, 1982)"--The Library of Congress Guide to the Microform Collections in the Humanities and Social Sciences Division, online version. | ||
| 590 |
_aBATCH-UPD _b10 _c20130110 _lUCH01 _h0621 |
||
| 590 |
_aCONVERSION _b10 _c20130109 _lUCH01 _h1353 |
||
| 700 | 1 |
_aLester, Robert. _966361 |
|
| 901 | _aVM | ||
| 999 |
_c95641 _d95641 |
||